Direct and indirect taxes Mcom part-II (Record no. 823600)

MARC details
000 -LEADER
fixed length control field 00581nam a2200217Ia 4500
008 - FIXED-LENGTH DATA ELEMENTS--GENERAL INFORMATION
fixed length control field 101110s9999 xx 000 0 und d
041 ## - LANGUAGE CODE
Language code of text/sound track or separate title ENGLISH
082 ## - DEWEY DECIMAL CLASSIFICATION NUMBER
Item number SR31097
100 ## - MAIN ENTRY--PERSONAL NAME
Personal name Ainapure Varsha and Ainapure Mukund
245 ## - TITLE STATEMENT
Title Direct and indirect taxes Mcom part-II
260 ## - PUBLICATION, DISTRIBUTION, ETC. (IMPRINT)
Date of publication, distribution, etc 2008
Name of publisher, distributor, etc Manan Prakashan, Mumbai
300 ## - PHYSICAL DESCRIPTION
Extent 424
365 ## - TRADE PRICE
Price amount 200
520 ## - SUMMARY, ETC.
Summary, etc Commerce
546 ## - LANGUAGE NOTE
Language note ENGLISH
630 ## - SUBJECT ADDED ENTRY--UNIFORM TITLE
Uniform title Direct and indirect taxes Mcom part-II
650 ## - SUBJECT ADDED ENTRY--TOPICAL TERM
Topical term or geographic name as entry element Commerce
655 ## - INDEX TERM--GENRE/FORM
Genre/form data or focus term Commerce
730 ## - ADDED ENTRY--UNIFORM TITLE
Uniform title Direct and indirect taxes Mcom part-II
942 ## - ADDED ENTRY ELEMENTS (KOHA)
Koha item type Book
Holdings
Withdrawn status Lost status Damaged status Not for loan Home library Current library Shelving location Date acquired Source of acquisition Cost, normal purchase price Shelving control number Total Checkouts Barcode Date last seen Price effective from Koha item type
        D. B. J. College, Chiplun D. B. J. College, Chiplun     Chaitanya Statanari , Chiplun, bill no.18, dt. 27/9/2008 200.00     DBJSR31097 11/11/2010 11/11/2010 Book